| 000 | 00426 a2200157 4500 | ||
|---|---|---|---|
| 999 |
_c368632 _d368632 |
||
| 003 | NUST | ||
| 005 | 20191115160952.0 | ||
| 038 | _aArshad | ||
| 082 |
_a954.915 _bRAM |
||
| 100 |
_aHattoo Ram, Rai Bahadar _925684 |
||
| 245 |
_aTareekh-e-Baluchistan / _cRai Bahadar Hatto Ram |
||
| 260 |
_aLahore: _bSang-e-Meel Publications _c1998. |
||
| 300 | _a459 p. | ||
| 650 |
_aTareekh Baluchistan- Pakistan _925685 |
||
| 942 |
_cBK _cBK _2ddc |
||